000
00318nam a22001337a 4500
008
181219b xxu||||| |||| 00| 0 eng d
020
_a
9780205148097
041
_a
eng
080
_a
159.9
100
_a
48
101
_a
PSI
245
_a
Group Processes A Developmental Perspective
_c
Wheelan,S.A
942
_2
udc
_c
BK
999
_c
53516
_d
53516